000 01170cam a22003257a 4500
003 CHAP
005 20251127090245.0
008 971013s1991 r 00010 d
010 _a5101
011 _a6073
035 _a5291
040 _cCHAP
090 _aFolleto 13460
100 0 0 _aSosa, Romeo.
_9108830
245 0 _aCurso sobre cafeticultura en la UACH
_b: una experiencia de integración de funciones académicas y vinculación regional
260 _aHuatusco, Ver. :
_bUACH.,
_c1991
300 _a12 h.
500 _aPonencia presentada en: Foro sobre Docencia Investigación y Servicio en el Medio Rural (4: 1991: San Cristóbal de las Casas, Chis.)
590 _aBATCH-UPD
_b10
_c20130110
_lUCH01
_h1853
590 _aBATCH-UPD
_b10
_c20130410
_lUCH01
_h1222
590 _aBATCH-UPD
_b10
_c20130914
_lUCH01
_h0810
590 _aCONVERSION
_b10
_c20130109
_lUCH01
_h1304
650 1 4 _aAgricultura
_xEstudio y ensenanza.
_91474
650 1 4 _aCafé
_xMéxico.
_917176
700 1 _aDíaz Cárdenas, Salvador
_933418
700 0 _aEscamilla Prado, Esteban.
_937449
901 _aBK
942 _cFOLL
949 _aFolleto 13460
_bBC
_cFOLL
_d-14860
_eTS1
_i5291
_mD
_si
999 _c5101
_d5101